000 00667naa a2200205 4500
001 136328
003 ES-MaBCM
005 20241016182928.0
008 060926s1997 esp|r0p 0 ||spa d
021 _axx
035 _a(OCoLC)1365125677
040 _cES-MaBCM
100 1 _aMendonca, Daniel
_930785
245 1 3 _aLa justicia constitucional en Paraguay
_cDaniel Mendonca y Juan Carlos Mendonca Bonnet
650 2 7 _aTribunales constitucionales
_960535
651 2 0 _aParaguay
_9116982
700 1 _aMendonca Bonnet, Juan Carlos
_975529
773 0 _aEn:
_tAnuario iberoamericano de justicia constitucional
_dMadrid
_g(1997), p. [293]-302
_w105327
942 _cAREV
999 _c136328
_d136328